000 00593nam a2200229Ia 4500
003 OSt
005 20220928121747.0
006 a|||||r|||| 00| 0
007 ta
008 220927b |||||||| |||| 00| 0 eng d
024 _a50644
037 _cTextual
040 _aSDCL
_cSDCL
_beng
041 _2eng
_aeng
082 _aV4'N9, P0
100 _aSoucek Svat
_9454129
245 0 _aHistory of inner Asia
260 _aCambridge
_bCambridge University Press
_c2000
300 _axiii,369p
_ccm.
942 _hV4'N9, P0
_cTEXL
_2CC
999 _c767956
_d767956